| 000 | 00931nam a2200289 a 4500 | ||
|---|---|---|---|
| 999 |
_c490403 _d490403 |
||
| 003 | BLK | ||
| 005 | 20240309105001.0 | ||
| 008 | 180408b bul|||||r ||||||| ||bul|| | ||
| 010 | _aKNG00081206000 | ||
| 020 | _a9786199235904 | ||
| 040 | _aBLK | ||
| 041 |
_aBUL _cBUL |
||
| 080 |
_aБългарска литература _b821.163.2 _x-3 _z821.163.2-3 |
||
| 100 |
_aДобрева, Росица _eпърви автор _9410719 |
||
| 139 |
_aДобрева, Росица _bД 66 |
||
| 245 | 1 | 0 |
_aВъжетата на Орион _bРоман _cРосица Добрева. |
| 257 | _aBGR | ||
| 260 |
_bСинтагма _c2023 _aСофия _9215996 _n978-954- |
||
| 300 |
_a304 с. _c21 см |
||
| 380 | _aX | ||
| 852 |
_aЦб 317837 _bЦб |
||
| 856 |
_i0.00 _ldisable |
||
| 942 |
_cKNG _n0 _s1 _05 |
||
| 944 |
_aCR _c2023-03-31 _k30544 _lЦветелина Желева |
||
| 944 |
_aED _c2023-05-11 _kВП |
||
| 999 | _d490403 | ||